Hot air repair of PVC-U profiles (Record no. 101824)

MARC details
000 -LEADER
fixed length control field 00635cam a2200241 4500
008 - FIXED-LENGTH DATA ELEMENTS--GENERAL INFORMATION
fixed length control field #DATE n2001 000 0 eng u
020 ## - INTERNATIONAL STANDARD BOOK NUMBER
International Standard Book Number 1860814875
035 ## - SYSTEM CONTROL NUMBER
System control number (Sirsi) u116082
041 ## - LANGUAGE CODE
Language code of text/sound track or separate title eng
050 ## - LIBRARY OF CONGRESS CALL NUMBER
Classification number 690
100 ## - MAIN ENTRY--PERSONAL NAME
Personal name Newman, C.
110 ## - MAIN ENTRY--CORPORATE NAME
Corporate name or jurisdiction name as entry element Building Research Establishment
245 ## - TITLE STATEMENT
Title Hot air repair of PVC-U profiles
260 ## - PUBLICATION, DISTRIBUTION, ETC.
Place of publication, distribution, etc. London
Name of publisher, distributor, etc. CRC Ltd
Date of publication, distribution, etc. 2001
300 ## - PHYSICAL DESCRIPTION
Extent 6p. : ill. ; 30cm.
490 ## - SERIES STATEMENT
Series statement BRE Information Paper
Volume/sequential designation IP 12/01
650 ## - SUBJECT ADDED ENTRY--TOPICAL TERM
Topical term or geographic name entry element CONSERVATORIES
650 ## - SUBJECT ADDED ENTRY--TOPICAL TERM
Topical term or geographic name entry element DOORS
650 ## - SUBJECT ADDED ENTRY--TOPICAL TERM
Topical term or geographic name entry element PVC
650 ## - SUBJECT ADDED ENTRY--TOPICAL TERM
Topical term or geographic name entry element WINDOWS
690 ## - LOCAL SUBJECT ADDED ENTRY--TOPICAL TERM (OCLC, RLIN)
Topical term or geographic name as entry element BUILDING AND CONSTRUCTION-REPAIRS AND MAINTENANCE
942 ## - ADDED ENTRY ELEMENTS (KOHA)
Suppress in OPAC 0
Holdings
Withdrawn status Lost status Source of classification or shelving scheme Damaged status Not for loan Home library Current library Shelving location Date acquired Total Checkouts Full call number Barcode Date last seen Copy number Price effective from Koha item type
    Dewey Decimal Classification     London London BRE publications 23/09/2002   ENQUIRY DESK 30066507 06/08/2019 1 06/08/2019 Book